000 00306nam a2200121Ia 4500
008 190216s9999||||xx |||||||||||||| ||und||
100 _aSoni Pl &shama
245 0 _aFundamental College Chemistry
260 _bSulthan Chand&Sons
_c1974
300 _a1296p
650 _aChemistry-Chemistry
942 _cBK
999 _c2305
_d2305